Normal view MARC view

Entry Personal Name

Number of records used in: 1

001 - CONTROL NUMBER

  • control field: 246135

003 - CONTROL NUMBER IDENTIFIER

  • control field: OSt

005 - DATE AND TIME OF LATEST TRANSACTION

  • control field: 20251118114110.0

008 - FIXED-LENGTH DATA ELEMENTS

  • fixed length control field: 251118|| aca||aabn | a|a d

040 ## - CATALOGING SOURCE

  • Original cataloging agency: OSt
  • Transcribing agency: OSt

100 ## - HEADING--PERSONAL NAME

  • Personal name: PUVAPPA KANIYURU
  • Dates associated with a name: ಪೂವಪ್ಪ ಕಾಣಿಯೂರು

670 ## - SOURCE DATA FOUND

  • Source citation: Work cat.: (OSt)140424: PUVAPPA KANIYURU ಪೂವಪ್ಪ ಕಾಣಿಯೂರು, Maukhika samkathana, 2006